Children's Book by Illustrations - Statistics

General Stats
  • This quiz has been taken 87 times
  • The average score is 8 of 12
Answer Stats
Picture Answer % Correct
Alice in Wonderland (Sir John Tenniel)
94%
The BFG (Quentin Blake)
88%
The Lorax (Dr. Seuss)
84%
Charlotte's Web (Garth Williams)
81%
The Chronicles of Narnia (Pauline Baynes)
78%
Where The Wild Things Are (Maurice Sendak)
75%
The Tale of Peter Rabbit (Beatrix Potter)
64%
The Little Prince (Antoine de Saint Exupéry"
46%
The Giving Tree (Shel Silverstein)
43%
Grimm's Fariy Tales (Arthur Rackham)
42%
Shrek! (William Steig)
37%
Corduroy (Don Freeman)
34%
No matching quizzes found
Score Distribution
Percent of People with Each Score
Percentile by Number Answered
Your Score History
You have not taken this quiz